Guess the Niche NBA Player by Picture - Statistics

General Stats
  • This quiz has been taken 111 times
  • The average score is 4 of 16
Answer Stats
Picture Answer % Correct
Artis Gilmore
65%
Bill Laimbeer
62%
Bob Pettit
59%
Ron Harper Jr.
40%
Adrian Dantley
32%
Tony Allen
32%
Bernard King
25%
Terrance Shannon Jr.
16%
Michael Kidd-Gilchrist
14%
Antwan Jamison
13%
LJ Cryer
9%
Doug Christie
8%
Rod Strickland
7%
Robert Parish
5%
Lamont Butler
3%
Alex English
2%
No matching quizzes found
Score Distribution
Percent of People with Each Score
Percentile by Number Answered
Your Score History
You have not taken this quiz